000 01029pam a22003374a 4500
005 20260322212059.0
008 data
010 _a 2009003622
020 _a9780262013499 (hardcover : alk. paper)
020 _a0262013495
040 _aDNLM
_cDNLM
041 0 9 _aeng
042 _apcc
044 _9United States
060 0 0 _aWM 17
_bP346a 2009
092 _a362.21 P346a 2009
100 1 _aPayne, Christopher,
_d1968-
245 1 0 _aAsylum :
_binside the closed world of state mental hospitals /
_cChristopher Payne & Oliver W. Sacks.
260 _aCambridge, MA :
_bMIT Press,
_cc2009.
300 _a209 p. :
_bill.
505 0 _aAsylum / Oliver Sacks -- The state mental hospitals / Christopher Payne -- The photographs.
650 1 2 _aHospitals, Psychiatric
_xhistory
650 2 2 _aArchitecture as Topic
650 2 2 _aHistory, 20th Century
650 2 2 _aHistory, 19th Century
651 2 _aUnited States
655 2 _aPictorial Works
700 1 _aSacks, Oliver W.
994 _aCDN
_b20091015
001 data
999 _c1404
_d1404